Minimización del déficit público y la inflación (Registro nro. 28755)

Detalles MARC
000 -LEADER
fixed length control field 00329 a2200109 4500
001 - CONTROL NUMBER
control field ART_23953
005 - DATE AND TIME OF LATEST TRANSACTION
control field 20260410161933.0
008 - FIXED-LENGTH DATA ELEMENTS--GENERAL INFORMATION
fixed length control field 260409a
100 1# - MAIN ENTRY--PERSONAL NAME
Personal name Martínez, Roberto H.
245 10 - TITLE STATEMENT
Title Minimización del déficit público y la inflación
773 0# - HOST ITEM ENTRY
Title Informe
Related parts - Año X, Nº 51 (sep. 1978)
Record control number REV23765

No hay ítems disponibles.